Porovnanie úverového vývoja podnikov a domácností v USA a v eurozóne v súvislosti s nekonvenčnou menovou politikou diplomová práca

Saved in:
Bibliographic Details
Main Author: Zoričáková, Zuzana
Corporate Author: Národohospodárska fakulta EU. Katedra bankovníctva a medzinárodných financií
Other Authors: Kotlebová, Jana, 1969-
Format: Book
Language:Slovak
Published: Bratislava 2016
Tags: Add Tag
No Tags, Be the first to tag this record!

MARC

LEADER 00000nbm a2200000 4500
001 0217970
005 20161124150558.5
041 0 |a slo 
044 |a SK 
245 1 0 |a Porovnanie úverového vývoja podnikov a domácností v USA a v eurozóne v súvislosti s nekonvenčnou menovou politikou  |b diplomová práca  |c Zuzana Zoričáková ; školiteľ: Jana Kotlebová 
264 1 |a Bratislava  |c 2016 
300 |a 79 s. 
100 1 |a Zoričáková, Zuzana 
700 1 |a Kotlebová, Jana, 1969- 
710 2 |a Národohospodárska fakulta EU. Katedra bankovníctva a medzinárodných financií